[Event "10th Essent Open"]
[Site "Hoogeveen NED"]
[Date "2006.10.21"]
[Round "2"]
[White "Potze,R"]
[Black "Peng,D"]
[Result "0-1"]
[WhiteElo "2122"]
[BlackElo "2170"]
[EventDate "2006.10.21"]

1. e4 c5 2. c3 d5 3. exd5 Qxd5 4. Nf3 Nc6 5. Na3 Bg4 6. Be2 Nf6 7. O-O Rc8
8. Nc2 Bh5 9. d4 e6 10. Be3 Bg6 11. dxc5 Qxd1 12. Bxd1 Nd5 13. Bd4 f6 14.
Re1 e5 15. Be3 Rd8 16. Rc1 Nxe3 17. Nxe3 Bxc5 18. Ba4 Ke7 19. b4 Bxe3 20.
Rxe3 Rd6 21. Nh4 Rhd8 22. f4 Rd3 23. Nxg6+ hxg6 24. Rxd3 Rxd3 25. Bxc6 bxc6
26. fxe5 fxe5 27. Rc2 Kd6 28. c4 e4 29. Kf2 Ke5 30. c5 a6 31. a4 Rb3 32. b5
axb5 33. axb5 Rxb5 34. Ke3 Rb3+ 35. Ke2 g5 36. Kd2 g4 0-1

[Event "10th Essent Open"]
[Site "Hoogeveen NED"]
[Date "2006.10.21"]
[Round "2"]
[White "Grooten,H"]
[Black "Giddins,S"]
[Result "1-0"]
[WhiteElo "2387"]
[BlackElo "2197"]
[EventDate "2006.10.21"]

1. d4 e6 2. c4 Nf6 3. Nf3 b6 4. a3 Bb7 5. Nc3 d5 6. Bg5 dxc4 7. e4 Be7 8.
e5 Nd5 9. Bxe7 Qxe7 10. Bxc4 Nxc3 11. bxc3 O-O 12. h4 Bxf3 13. Qxf3 Nd7 14.
Qc6 Rfd8 15. Ba6 Nf8 16. a4 f6 17. f4 fxe5 18. fxe5 Qf7 19. O-O-O Rab8 20.
Bb5 a6 21. Bxa6 b5 22. Bxb5 Rb6 23. Qc5 Qf4+ 24. Rd2 Rdb8 25. Rf1 Qe3 26.
Qxc7 R6b7 27. Qc4 1-0

[Event "10th Essent Open"]
[Site "Hoogeveen NED"]
[Date "2006.10.21"]
[Round "2"]
[White "Otte,Mari"]
[Black "Swinkels,R"]
[Result "0-1"]
[WhiteElo "2162"]
[BlackElo "2378"]
[EventDate "2006.10.21"]

1. e4 e5 2. f4 exf4 3. Nf3 h6 4. Bc4 d6 5. h4 Nf6 6. Nc3 Bg4 7. d4 Be7 8.
Bxf4 Nh5 9. Be3 Ng3 10. Rh2 Nc6 11. Bf2 Nxe4 12. Nxe4 d5 13. Bd3 dxe4 14.
Bxe4 O-O 15. Qd2 Bd6 16. Bxc6 Bxf3 17. Bxf3 Bxh2 18. O-O-O Qd6 19. Kb1 Bg3
20. Bxb7 Rab8 21. Bf3 Bxf2 22. Qxf2 Qb4 23. b3 a5 24. Qd2 Qxd2 25. Rxd2 g5
26. hxg5 hxg5 27. c4 f5 28. Kc2 Kg7 29. c5 Kf6 30. Kc3 g4 31. Bc6 f4 32. a3
Kg5 33. b4 Rf6 34. b5 f3 35. gxf3 gxf3 36. Rf2 Kg4 37. Kc4 Kg3 38. Rf1 f2
39. Be4 Rf4 40. Bd5 Re8 41. Kc3 Re3+ 42. Kd2 Rxa3 0-1

[Event "10th Essent Open"]
[Site "Hoogeveen NED"]
[Date "2006.10.21"]
[Round "2"]
[White "Shumiakina,T"]
[Black "Drost,P"]
[Result "1-0"]
[WhiteElo "2363"]
[BlackElo "2137"]
[EventDate "2006.10.21"]

1. d4 g6 2. Nf3 Bg7 3. g3 Nf6 4. Bg2 O-O 5. O-O d6 6. c4 Nc6 7. Nc3 Rb8 8.
h3 a6 9. Be3 Bd7 10. Qc1 Re8 11. Bh6 Bh8 12. e4 e5 13. dxe5 dxe5 14. Rd1
Qc8 15. g4 Be6 16. b3 Rd8 17. Qc2 Nd4 18. Nxd4 Rxd4 19. Nd5 Rxd1+ 20. Rxd1
Bxd5 21. exd5 Qd7 22. Be3 h5 23. g5 Ne8 24. c5 Rd8 25. Rd2 Ng7 26. c6 bxc6
27. dxc6 Qc8 28. Qd1 Rxd2 29. Qxd2 Ne6 30. Qd7 Qxd7 31. cxd7 Kg7 32. Bb7 a5
33. Bd2 Kf8 34. Bxa5 Ke7 35. Bc6 e4 36. Bd2 Kd6 37. d8=Q Nxd8 38. Bxe4 Ne6
39. Kg2 Kc5 40. Bd3 Nd8 41. Bc4 Bb2 42. a4 h4 43. a5 f6 44. Be3+ Kc6 45. a6
Be5 46. Bd5+ 1-0

[Event "10th Essent Open"]
[Site "Hoogeveen NED"]
[Date "2006.10.21"]
[Round "2"]
[White "Clemens,A"]
[Black "Goudriaan,E"]
[Result "1-0"]
[WhiteElo "2323"]
[BlackElo "2065"]
[EventDate "2006.10.21"]

1. d4 d5 2. c4 e6 3. Nf3 c5 4. cxd5 exd5 5. g3 Nc6 6. Bg2 Nf6 7. O-O Ne4 8.
Be3 Qb6 9. Nc3 Nxc3 10. bxc3 c4 11. Ne5 Qa5 12. Bf4 Nxe5 13. Bxe5 f6 14.
Bf4 Be6 15. e4 g5 16. exd5 Bf5 17. Re1+ Kd7 18. Qh5 1-0

[Event "10th Essent Open"]
[Site "Hoogeveen NED"]
[Date "2006.10.21"]
[Round "2"]
[White "Wielenga,W"]
[Black "Ikonnikov,Vy"]
[Result "0-1"]
[WhiteElo "2154"]
[BlackElo "2587"]
[EventDate "2006.10.21"]

1. e4 c5 2. Nf3 a6 3. c4 d6 4. Nc3 Bg4 5. Be2 Nc6 6. h3 Bxf3 7. Bxf3 g6 8.
g3 Bg7 9. Bg2 Nf6 10. O-O O-O 11. d3 Rb8 12. Be3 b5 13. Qd2 Nd7 14. Rab1
Nd4 15. f4 e6 16. g4 Qa5 17. b3 Qxc3 0-1

[Event "10th Essent Open"]
[Site "Hoogeveen NED"]
[Date "2006.10.21"]
[Round "2"]
[White "Van der Veen,Jan"]
[Black "Mamedjarova,Z"]
[Result "0-1"]
[WhiteElo "2142"]
[BlackElo "2318"]
[EventDate "2006.10.21"]

1. e4 e5 2. Nf3 Nf6 3. Nxe5 d6 4. Nf3 Nxe4 5. Nc3 Nf6 6. d4 Be7 7. h3 O-O
8. Bd3 h6 9. O-O Be6 10. Ne2 c5 11. Nf4 Bd7 12. b3 b5 13. c4 a6 14. Bb2 Ra7
15. Re1 Rb7 16. Qd2 Bc6 17. d5 Be8 18. Re2 bxc4 19. bxc4 Ba4 20. Rae1 Re8
21. Bc3 Kf8 22. g4 Ng8 23. Nh5 Nf6 24. Ng3 Ng8 25. Nh5 Nf6 26. Ng3 Bd7 27.
Bf5 Ba4 28. Ba5 Rc7 29. Bc2 Bxc2 30. Qxc2 Qc8 31. Bxc7 Qxc7 32. Nf5 Bd8 33.
Qc3 Nbd7 34. Kg2 Qb8 35. Rxe8+ Nxe8 36. Qe3 Bf6 37. Re2 Qd8 38. Kg1 Nb6 39.
Qd3 Qd7 40. Kg2 Qd8 41. Re1 a5 42. Rb1 a4 43. Rb5 Qc7 44. h4 Bd8 45. Ne3
Kg8 46. Rb1 Qd7 47. Qf5 Qc7 48. g5 hxg5 49. hxg5 g6 50. Qe4 Ng7 51. Ng4 Kf8
52. Nf6 Nd7 53. Qh4 Nxf6 54. gxf6 Nh5 55. Ng5 Bxf6 56. Nh7+ Kg7 57. Nxf6
Nxf6 58. Rh1 Nh5 59. Qg4 Kh6 60. Re1 Qd8 61. Kf1 Qf6 62. a3 Qb2 63. Qe2 Qf6
64. Qe7 Qf5 65. Qxd6 Nf4 66. Re3 Qb1+ 67. Re1 Qd3+ 68. Kg1 Qf3 69. Qf8+ Kg5
70. Re5+ Kg4 0-1

[Event "10th Essent Open"]
[Site "Hoogeveen NED"]
[Date "2006.10.21"]
[Round "2"]
[White "Van Kooten,L"]
[Black "Rooda,K"]
[Result "1-0"]
[WhiteElo "2291"]
[BlackElo "2148"]
[EventDate "2006.10.21"]

1. d4 d5 2. c4 e6 3. cxd5 exd5 4. Nc3 Nf6 5. Bg5 Be7 6. e3 c6 7. Qc2 h6 8.
Bh4 Ne4 9. Bxe7 Qxe7 10. Nxd5 cxd5 11. Qxc8+ Qd8 12. Bb5+ Ke7 13. Qxb7+ Kf6
14. b4 Qd6 15. a3 Rd8 16. Ne2 Nd7 17. f3 Ng5 18. Rc1 Rab8 19. Rc6 Rxb7 20.
Rxd6+ Ke7 21. Rxd5 1-0

[Event "10th Essent Open"]
[Site "Hoogeveen NED"]
[Date "2006.10.21"]
[Round "2"]
[White "Van Geffen,B"]
[Black "Mamedjarova,T"]
[Result "0-1"]
[WhiteElo "2132"]
[BlackElo "2274"]
[EventDate "2006.10.21"]

1. e4 e5 2. Nf3 Nf6 3. Nc3 Bb4 4. Nxe5 Bxc3 5. dxc3 Qe7 6. Nf3 Nxe4 7. Be2
O-O 8. O-O c6 9. Re1 d5 10. c4 Rd8 11. cxd5 cxd5 12. Bd3 Nc6 13. Qe2 Bg4
14. c3 Re8 15. h3 Bh5 16. g4 Bg6 17. Be3 f5 18. Nd4 Nxd4 19. Bxd4 Qh4 20.
Qf3 Ng5 21. Qxd5+ Bf7 22. Qxf5 Nxh3+ 23. Kg2 g6 24. Qf3 Ng5 25. Qg3 Bd5+
26. f3 Qh6 27. Be3 Rf8 28. Rh1 Qg7 29. Bxg5 Rxf3 30. Qxf3 Bxf3+ 31. Kxf3
Qf7+ 32. Kg3 Qd5 33. Bc2 Qxg5 34. Bb3+ Kh8 35. Raf1 Qe5+ 36. Kg2 Qe4+ 37.
Kg3 Rd8 38. Rd1 Qe3+ 39. Kg2 Rf8 0-1

[Event "10th Essent Open"]
[Site "Hoogeveen NED"]
[Date "2006.10.21"]
[Round "2"]
[White "Kulago,A"]
[Black "Archangelsky,M"]
[Result "0-1"]
[WhiteElo "2114"]
[BlackElo "2270"]
[EventDate "2006.10.21"]

1. Nf3 g6 2. d4 Bg7 3. g3 d6 4. Bg2 Nd7 5. O-O e5 6. e4 Ngf6 7. Re1 O-O 8.
c4 exd4 9. Nxd4 Ne5 10. b3 Nfd7 11. Nc3 Nc5 12. Be3 Ng4 13. Qd2 Nxe3 14.
Qxe3 Re8 15. b4 Ne6 16. Nde2 c6 17. Rad1 Qb6 18. Qxb6 axb6 19. a4 Bf8 20.
Rd3 Ng7 21. Nd4 Bd7 22. Rde3 Ne6 23. Nde2 Nc7 24. b5 Ne6 25. Bh3 Red8 26.
Rd1 Nc5 27. Bxd7 Rxd7 28. Nd4 Rc7 29. Rb1 Bg7 30. Nde2 Rcc8 31. Kg2 Nxa4
32. bxc6 bxc6 33. Nxa4 Rxa4 34. Rxb6 Rxc4 35. Rd3 Rxe4 36. Kf3 d5 37. Ra3
Re7 38. Rd3 Rd7 39. Nf4 h5 40. Rd1 d4 41. Rc1 c5 42. Rb5 d3 43. Ke3 Bh6 44.
Kd2 c4 45. Kd1 Bxf4 46. gxf4 c3 47. Rb3 Rdc7 48. Ra3 d2 49. Rc2 Kg7 50. f5
g5 51. f3 Kf6 52. Ra5 Re8 0-1

[Event "10th Essent Open"]
[Site "Hoogeveen NED"]
[Date "2006.10.21"]
[Round "2"]
[White "Wempe,Jo"]
[Black "Malinarski,Y"]
[Result "1-0"]
[WhiteElo "2268"]
[BlackElo "2126"]
[EventDate "2006.10.21"]

1. d4 Nf6 2. c4 e6 3. Nf3 b6 4. e3 Bb7 5. Bd3 d5 6. O-O Be7 7. Nc3 O-O 8.
b3 Nbd7 9. Bb2 Ne4 10. Qc2 f5 11. Rac1 a6 12. Ne2 Bd6 13. Ne5 c5 14. Nf4
Qe7 15. cxd5 cxd4 16. Nxd7 Rfc8 17. Qe2 Bxf4 18. Nxb6 Rxc1 19. Rxc1 dxe3
20. fxe3 Bxh2+ 21. Kxh2 Qd6+ 22. Kg1 Qxb6 23. Bxe4 fxe4 24. Bd4 Qd6 25.
dxe6 Rc8 26. Rxc8+ Bxc8 27. Qg4 g6 28. Qg5 Qxe6 29. Qd8+ Kf7 30. Qh8 h5 31.
Bc5 Qd7 32. Qf8+ Ke6 33. Bd4 Qc7 34. Qg8+ Kd7 35. Qf7+ Kc6 36. Qxg6+ Qd6
37. Qxe4+ Qd5 38. Qe8+ Bd7 39. Qa8+ Kd6 40. Qxa6+ Bc6 41. Qe2 h4 42. Qg4
Kc7 43. Qg7+ Kd6 44. Bb6 Qe4 45. Qd4+ 1-0

[Event "10th Essent Open"]
[Site "Hoogeveen NED"]
[Date "2006.10.21"]
[Round "2"]
[White "Kleijn,C"]
[Black "Bensdorp,M"]
[Result "1-0"]
[WhiteElo "2108"]
[BlackElo "2264"]
[EventDate "2006.10.21"]

1. e4 e5 2. Nf3 Nc6 3. Bb5 a6 4. Ba4 Nf6 5. O-O b5 6. Bb3 Bc5 7. c3 d6 8.
d4 Bb6 9. h3 O-O 10. Bg5 h6 11. Be3 Bb7 12. Nbd2 Re8 13. Bc2 exd4 14. cxd4
Nb4 15. d5 Bxe3 16. fxe3 Nxc2 17. Qxc2 Qe7 18. Nd4 Nxe4 19. Nf5 Qe5 20.
Nxe4 Qxe4 21. Qxc7 Bxd5 22. Rf2 Rac8 23. Qxd6 Rc6 24. Qf4 Rg6 25. Qxe4 Bxe4
26. Rd1 Rf6 27. Nd6 Rxf2 28. Kxf2 Rd8 29. Rd4 Bb1 30. a3 Kf8 31. Nxb5 Rb8
32. Nc3 Rxb2+ 33. Kf3 Bf5 34. Rd6 Be6 35. Rxa6 Rb3 36. Ne4 Bd5 37. Kf4 Bb7
38. Nc5 g5+ 39. Kg4 Bc8+ 40. Kh5 Rxe3 41. Ra8 Re8 42. Kxh6 g4 43. hxg4 Bxg4
44. Rxe8+ Kxe8 45. Kg5 Be2 46. Kf6 Bc4 47. g4 Kd8 48. g5 Kc7 49. Ke7 Kb6
50. Nd7+ Ka5 51. Ne5 Bb3 52. Nxf7 Bc2 53. Kf6 Ka4 54. Nd6 Kxa3 55. Nf5 Kb4
56. g6 Bb3 57. g7 Kc5 58. Nh6 1-0

[Event "10th Essent Open"]
[Site "Hoogeveen NED"]
[Date "2006.10.21"]
[Round "2"]
[White "Kuipers,S"]
[Black "Galje,H"]
[Result "1-0"]
[WhiteElo "2252"]
[BlackElo "2110"]
[EventDate "2006.10.21"]

1. e4 e6 2. d4 d5 3. Nc3 Bb4 4. Bd3 dxe4 5. Bxe4 Nf6 6. Bf3 c5 7. a3 Bxc3+
8. bxc3 Nc6 9. Ne2 O-O 10. O-O Qa5 11. Bg5 cxd4 12. Bxf6 gxf6 13. cxd4 Rd8
14. c3 e5 15. d5 Ne7 16. c4 f5 17. Qc1 f4 18. Rd1 Nf5 19. g3 Qc5 20. gxf4
Nh4 21. Bh5 Kh8 22. Qe3 Rg8+ 23. Ng3 Qxe3 24. fxe3 exf4 25. exf4 Bg4 26.
Bxg4 Rxg4 27. Rf1 Nf5 28. Rab1 b6 29. Rb3 Rc8 30. Rc3 Nd6 31. h3 Rgg8 32.
Kf2 Rxg3 33. Rxg3 Ne4+ 34. Kg2 Nxg3 35. Kxg3 Rxc4 36. Rd1 Kg7 37. f5 Kf6
38. d6 Rc8 39. Rd5 Rd8 40. Kf4 Re8 41. h4 Rd8 42. Ke4 Re8+ 43. Kd4 Rd8 44.
a4 Kg7 45. Kc4 Kf8 46. f6 a6 47. d7 1-0

[Event "10th Essent Open"]
[Site "Hoogeveen NED"]
[Date "2006.10.21"]
[Round "2"]
[White "Ebels,T"]
[Black "Vedder,R"]
[Result "0-1"]
[WhiteElo "2101"]
[BlackElo "2248"]
[EventDate "2006.10.21"]

1. d4 d5 2. c4 dxc4 3. Nf3 a6 4. e4 b5 5. a4 Bb7 6. axb5 axb5 7. Rxa8 Bxa8
8. Nc3 c6 9. e5 e6 10. Be2 Nd7 11. Bg5 Qb8 12. Qa1 h6 13. Be3 Ne7 14. O-O
Nc8 15. Qb1 Ndb6 16. Nh4 Be7 17. Ng6 Rg8 18. Nxe7 Nxe7 19. Ne4 Nbc8 20.
Bxh6 c5 21. Be3 cxd4 22. Bxd4 Nf5 23. Rd1 Nxd4 24. Rxd4 Qxe5 25. Qd1 Qc7
26. Bf3 Bxe4 27. Bxe4 Ke7 28. Qh5 Qb6 29. Rd1 Nd6 30. Qh4+ g5 31. Qh7 Nxe4
32. Qxg8 Qxf2+ 33. Kh1 Qb6 34. Rf1 Nf2+ 35. Rxf2 Qxf2 36. Qxg5+ Kd6 37.
Qd8+ Ke5 38. Qc7+ Ke4 39. Qc6+ Kd3 40. Qd6+ Kc2 41. h3 Qe1+ 42. Kh2 Kxb2
43. Qd4+ Qc3 44. Qf2+ Kb3 45. h4 Qe5+ 46. g3 c3 0-1

[Event "10th Essent Open"]
[Site "Hoogeveen NED"]
[Date "2006.10.21"]
[Round "2"]
[White "Weeks,Ma"]
[Black "Hendriks,Ric"]
[Result "1/2-1/2"]
[WhiteElo "2247"]
[BlackElo "2106"]
[EventDate "2006.10.21"]

1. Nf3 Nc6 2. e4 e5 3. Bb5 f5 4. d3 Nf6 5. O-O Bc5 6. exf5 O-O 7. Nc3 d6 8.
Ne4 Bb6 9. Bxc6 bxc6 10. Ng3 Nd5 11. Bg5 Qe8 12. Nh4 Kh8 13. Qe2 Qf7 14. a3
Bd7 15. Rae1 Rae8 16. Qe4 Nf6 17. Qf3 d5 18. Re2 Bc8 19. Rfe1 e4 20. dxe4
dxe4 21. Nxe4 Ba6 22. Bxf6 Bxe2 23. Rxe2 gxf6 24. Nc3 Rxe2 25. Qxe2 1/2-1/2

[Event "10th Essent Open"]
[Site "Hoogeveen NED"]
[Date "2006.10.21"]
[Round "2"]
[White "Mijnheer,P"]
[Black "Ten Hagen,Y"]
[Result "1-0"]
[WhiteElo "2232"]
[BlackElo "2077"]
[EventDate "2006.10.21"]

1. e4 c5 2. Nf3 d6 3. d4 cxd4 4. Nxd4 Nf6 5. Nc3 a6 6. Bg5 e6 7. f4 Qc7 8.
Bxf6 gxf6 9. Qd2 Nc6 10. O-O-O Bd7 11. Be2 h5 12. Kb1 O-O-O 13. Rhf1 Be7
14. Nb3 Kb8 15. Bf3 Na7 16. Rfe1 h4 17. Ne2 Bc8 18. Ned4 Bd7 19. f5 Rdg8
20. Re3 Bf8 21. Qe1 Qb6 22. Na5 Qc5 23. Rc3 Qe5 24. Rb3 Nb5 25. Nxb5 axb5
26. Qf2 Bc8 27. Qb6 Qc5 28. Qxb5 Ka7 29. Qa4 Kb8 30. Rc3 Qa7 31. Qe8 Qxa5
32. Rxc8+ 1-0

[Event "10th Essent Open"]
[Site "Hoogeveen NED"]
[Date "2006.10.21"]
[Round "2"]
[White "Hendriks,P"]
[Black "Cako,L"]
[Result "0-1"]
[WhiteElo "2092"]
[BlackElo "2174"]
[EventDate "2006.10.21"]

1. d4 Nf6 2. c4 e6 3. Nf3 b6 4. a3 Bb7 5. Nc3 d5 6. cxd5 Nxd5 7. Qc2 Nd7 8.
Bg5 f6 9. Bd2 c5 10. dxc5 Bxc5 11. b4 Be7 12. e4 Nxc3 13. Bxc3 Rc8 14. Bd3
O-O 15. O-O Qc7 16. Rac1 Rfd8 17. Qb3 Kh8 18. Bb2 Qd6 19. Rxc8 Bxc8 20. Rd1
Nf8 21. e5 Qd5 22. Qc2 Bb7 23. Be2 Qc6 24. Qxc6 Rxd1+ 25. Bxd1 Bxc6 26.
exf6 gxf6 27. Nd4 Bd7 28. Bf3 Kg7 29. Nc6 Bxc6 30. Bxc6 Ng6 31. Kf1 Bd6 32.
g3 Be5 33. Bc1 Bd4 34. Ke2 Ne5 35. Bb5 Nf7 36. Bd7 Nd8 37. Bf4 e5 38. Be3
Bb2 39. a4 Bc3 40. b5 Nb7 41. Kd3 Bb4 42. Kc4 Bc5 43. Bf5 Bxe3 44. fxe3
Nd6+ 45. Kd5 Nxf5 0-1

[Event "10th Essent Open"]
[Site "Hoogeveen NED"]
[Date "2006.10.21"]
[Round "2"]
[White "Woudt,E"]
[Black "Hulshof,P"]
[Result "1/2-1/2"]
[WhiteElo "2072"]
[BlackElo "2158"]
[EventDate "2006.10.21"]

1. e4 g6 2. d4 Bg7 3. Nc3 c6 4. f4 d5 5. e5 f6 6. h3 fxe5 7. fxe5 Nh6 8.
Nf3 O-O 9. Bd3 Na6 10. a3 Nc7 11. O-O Ne6 12. Ne2 Qb6 13. c3 Nf7 14. Kh1 c5
15. b4 cxd4 16. cxd4 Bd7 1/2-1/2

[Event "10th Essent Open"]
[Site "Hoogeveen NED"]
[Date "2006.10.21"]
[Round "2"]
[White "Van Weersel,A"]
[Black "Hendriks,Th"]
[Result "1-0"]
[WhiteElo "2156"]
[BlackElo "2090"]
[EventDate "2006.10.21"]

1. e4 c5 2. c4 Nc6 3. Ne2 Nf6 4. Nbc3 e5 5. d3 d6 6. Ng3 Be7 7. Be2 Nd4 8.
O-O Nxe2+ 9. Qxe2 g6 10. f4 h5 11. fxe5 dxe5 12. Nd5 Nxd5 13. exd5 f6 14.
Qe4 Rg8 15. Qe3 h4 16. Ne4 Bf5 17. Qh6 Bxe4 18. dxe4 g5 19. Be3 Qd6 20. b4
b6 21. bxc5 bxc5 22. Qh5+ Kd7 23. Qg4+ Kc7 24. Bd2 a5 25. Rab1 Rgb8 26.
Rxb8 Kxb8 27. Rb1+ Ka7 28. Rb5 Bd8 29. Bxa5 Rb8 30. Rxb8 Kxb8 31. Bc3 Qa6
32. Qd7 Bc7 33. Qb5+ Ka7 34. Qxa6+ Kxa6 35. Kf2 Kb7 36. Kf3 Kc8 37. Kg4 Kd7
38. Kf5 Ke7 39. a4 Bb8 40. a5 Ba7 41. a6 Bb6 42. Ba5 Ba7 43. h3 1-0

[Event "10th Essent Open"]
[Site "Hoogeveen NED"]
[Date "2006.10.21"]
[Round "2"]
[White "Schenkeveld,Da"]
[Black "Friesen,Bo"]
[Result "1-0"]
[WhiteElo "2036"]
[BlackElo "2154"]
[EventDate "2006.10.21"]

1. e4 e6 2. d4 d5 3. Nc3 Nf6 4. Bg5 dxe4 5. Nxe4 Be7 6. Bxf6 Bxf6 7. Nf3
Bd7 8. Qd2 O-O 9. O-O-O Bc6 10. Nxf6+ Qxf6 11. Ne5 Rd8 12. Qe3 Be8 13. Bd3
Nc6 14. c3 Nxe5 15. dxe5 Qe7 16. Qe4 g6 17. h4 b5 18. h5 c5 19. hxg6 fxg6
20. f4 c4 21. Be2 Rxd1+ 22. Rxd1 Rd8 23. Rd4 Kg7 24. Rxd8 Qxd8 25. Qb7+ Qd7
26. Qxd7+ Bxd7 27. Kd2 Bc6 28. g3 g5 29. Ke3 Kg6 30. Bg4 gxf4+ 31. gxf4 Bd7
32. Kd4 Kf7 33. Kc5 Ke7 34. Bh5 Be8 35. Bg4 h5 36. Bf3 h4 37. Bg2 Bd7 38.
Bh3 Be8 39. Kb4 Bc6 40. Ka5 Kd7 41. Ka6 Kc7 42. Kxa7 Bb7 43. Bf1 Bc8 44.
Bg2 Bd7 45. Ka6 Bc6 46. Bh3 Bd7 47. Ka5 Kb7 48. Kb4 Kc6 49. a4 bxa4 50.
Kxc4 Kb6 51. Kb4 Kc6 52. Kc4 Kb6 53. Kd4 Kb5 54. Bf1+ Kb6 55. Ke3 Bc6 56.
Kf2 Be4 57. Bh3 Bd5 58. Bg4 Kc5 59. Bd1 a3 60. bxa3 Kc4 61. Bf3 1-0